00551nam a2200205 a 4500001001300000003000900013005001700022008004100039020002600080082001300106100002000119245002800139260004300167300000900210500003500219505003100254650002000285650002100305650001900326nice12345678IN_TiNIC20260116013054.0050524s1995 lona grp 000 0 eng  a0415044 c857.3400a292bJON aJones, Prudence aHistory of Pagan Europe aLondon bRoutledge Chapman Hall c1995 a262p aincludes index and biblioraphy2 abibliography, index, notes aEurope-Religion aPaganism-History aRoman Religion